Biocatalysis

Đã lưu trong:
Chi tiết về thư mục
Những tác giả chính: Bommarius, A. S (Tác giả), Riebel, B. R (Tác giả)
Định dạng: Sách
Ngôn ngữ:Tiếng Anh
Được phát hành: Weinheim Wiley-VCH 2004
Những chủ đề:
Các nhãn: Thêm thẻ
Không có thẻ, Là người đầu tiên thẻ bản ghi này!

MARC

LEADER 00000nam a2200000 a 4500
001 UCK6734
003 CL-VaPUC
008 051014e20040000GW |||||||||||||||||eng|d
020 |a 3527303448 
082 0 4 |a 660.2995  |b BOM  |2 21 
100 0 |a Bommarius, A. S  |e author  |9 496196 
700 0 |a Riebel, B. R  |e author  |9 496197 
245 1 0 |a Biocatalysis 
300 |a 611 p 
942 |c BK 
945 |d 20051014 00:00:00  |a cmena 
260 |a Weinheim  |b Wiley-VCH  |c 2004 
650 0 |a Biocatálisis  |9 379946 
650 0 |a Química industrial  |9 355322 
650 7 |a SINTESIS BIOQUIMICA  |2 CL-VaPUC  |9 456477 
583 |a last modification  |c 20051014 00:00:00  |k Rodrigo Vera 
999 |c 314925  |d 314923 
952 |0 0  |1 0  |4 0  |6 660_299500000000000_BOM_2004  |7 0  |8 A  |9 387727  |a BIBING  |b BIBING  |d 2019-11-22  |i 4174844  |l 1  |o 660.2995 BOM 2004  |p 4174844  |r 2025-01-20  |s 2024-05-03  |w 2019-11-22  |y BK  |k EIB